Statistiken für Können Sie alle Länder mit weniger als 100.000 Einwohnern nennen?

Klicken Sie hier um das Quiz zu spielen!

Allgemein

  • Dieses Quiz wurde 836 mal gespielt
  • Das Durchschnittsergebnis liegt bei 10 aus 13

Antwortstatistiken

PopulationAntworten% Korrekt
Population:801Vatikanstadt
97%
Population:33,931San Marino
91%
Population:38,128Liechtenstein
90%
Population:77,265Andorra
89%
Population:39,242Monaco
88%
Population:10,824Nauru
72%
Population:53,199St. Kitts und Nevis
70%
Population:11,792Tuvalu
70%
Population:18,094Palau
68%
Population:59,190Marshallinseln
61%
Population:97,929Antigua und Barbuda
59%
Population:71,986Dominica
55%
Population:98,347Seychellen
52%

Verteilung der Resultate

Perzentil nach korrekt beantworteten Fragen

Anzahl Personen mit jedem Resultat

Ihre Resultats-Entwicklung

Sie haben dieses Quiz noch nicht gespielt